000 00657nam a2200241Ia 4500
003 OSt
005 20220924123325.0
006 a|||||r|||| 00| 0
007 ta
008 220923b |||||||| |||| 00| 0 san d
024 _a33926
037 _cTextual
040 _aARTS
_cARTS
_bsan
041 _2san
_asan
082 _aO15,2D40,1, 111K1;L9
100 _aKalidasa
245 0 _aSakuntala or the lost ring
_b An Indian drama
260 _aN
_bDelhi T P H India
_c1974
300 _axliv, 238p.
_ccm.
650 _aSANSKRIT LITERATURE
942 _hO15,2D40,1, 111K1;L9
_cTEXL
_2CC
999 _c415279
_d415279